Statistiques concernant The Weeknd - After Hours Til Dawn Tour LEG1

Cliquez ici pour prendre le quiz!

Statistiques générales

  • Ce quiz a été pris 253 fois
  • Le résultat moyen est 14 sur 29

Statistiques - réponses

HintRéponse% Correct
29Blinding Lights
77%
18After Hours
70%
27Save Your Tears
69%
11Starboy
67%
8The Hills
66%
21Die For You
64%
3Sacrifice
61%
1Alone Again
60%
25Call Out My Name
56%
6Take My Breath
56%
28Less Than Zero
54%
19Out Of Time
52%
9Often
51%
15Party Monster
51%
20I Feel It Coming
49%
17Faith
46%
2Gasoline
44%
4How Do I Make You Love Me
44%
10Crew Love
40%
24Wicked Game
40%
7Hurricane
39%
23I Was Never There
39%
26The Morning
39%
14Or Nah
37%
16KissLand
35%
13Low Life
30%
5I Can't Feel My Face
21%
12Hearthless
7%
22Is There Someone Esle
3%

Distribution des résultats

Percentile par nombre de réponses

% des personnes avec chaque résultat

Votre développement - résultats

Vous n’avez pas pris ce quiz